000 00881cab a2200241 4500
001 WB2718-22
008 090401t1991 xxu||||| |||| 00| 0 eng d
035 _a(Sirsi) u69847
041 _aeng
245 _aNational property data centre
260 _c1991
350 _a0
490 _aGlasgow Herald
_v4/5/91 p12(2)
520 _aScottish Office officials and SL Property Information of Glasgow are discussing the potential of a national property data centre , based on a multi-media , computerised database of all domestic property in the UK. RICS President, Sir Idris Pearce , has expressed interest.
650 _aBRENNAN TOM
650 _aHERIOT-WATT
650 _aPROPERTY DATA CENTRE
650 _aPROPERTY TAX
650 _aRESIDENTIAL PROPERTY
_96266
690 _aMANAGEMENT-BUSINESS MANAGEMENT-INFORMATION MANAGEMENT
942 _n0
948 _c04/03/1997
999 _c43914
_d43914